Learning Resource and Development

Calculus : (Record no. 3633)

MARC details
000 -LEADER
fixed length control field 00878nam a22002777a 4500
005 - DATE AND TIME OF LATEST TRANSACTION
control field 20230512221855.0
008 - FIXED-LENGTH DATA ELEMENTS--GENERAL INFORMATION
fixed length control field 180424t xxu||||| |||| 00| 0 eng d
020 ## - INTERNATIONAL STANDARD BOOK NUMBER
International Standard Book Number 9789810697341
040 ## - CATALOGING SOURCE
Transcribing agency CSPC
082 0# - DEWEY DECIMAL CLASSIFICATION NUMBER
Classification number CIR 515
Item number L613c
100 ## - MAIN ENTRY--PERSONAL NAME
Personal name Lial, Margaret L.,
Relator term author.
245 00 - TITLE STATEMENT
Title Calculus :
Remainder of title with applications
Statement of responsibility, etc. Margaret L. Lial
260 ## - PUBLICATION, DISTRIBUTION, ETC.
Place of publication, distribution, etc. Singapore :
Name of publisher, distributor, etc. Pearson Education South Asia.
Date of publication, distribution, etc. 2009.
300 ## - PHYSICAL DESCRIPTION
Extent 720 pages :
Other physical details images, graphs ;
Dimensions 24 cm.
336 ## - CONTENT TYPE
Source rdacontent
Content type term text
337 ## - MEDIA TYPE
Source rdamedia
Media type term unmediated
338 ## - CARRIER TYPE
Source rdacarrier
Carrier type term volume
500 ## - GENERAL NOTE
General note Includes Index.
650 10 - SUBJECT ADDED ENTRY--TOPICAL TERM
Topical term or geographic name entry element Calculus.
700 1# - ADDED ENTRY--PERSONAL NAME
Personal name Greenwell, Raymond N.,
Relator term author.
700 1# - ADDED ENTRY--PERSONAL NAME
Personal name Ritchey, Nathan P.,
Relator term author.
940 ## - EQUIVALENCE OR CROSS-REFERENCE--UNIFORM TITLE [OBSOLETE] [CAN/MARC only]
Uniform title <a href="Mar">Mar</a>
942 ## - ADDED ENTRY ELEMENTS (KOHA)
Koha item type
-- CIR 515 L613c 2009
Holdings
Withdrawn status Lost status Damaged status Not for loan Home library Current library Shelving location Date acquired Total Checkouts Full call number Barcode Date last seen Date last checked out Copy number Price effective from Koha item type
        Main Library Main Library Circulation Section 05/12/2023 1 CIR 515 L613c 2009 012140 11/06/2023 10/19/2023 1-5 05/12/2023 Books
        Main Library Main Library Circulation Section 05/12/2023 2 CIR 515 L613c 2009 012141 02/26/2025 01/23/2025 2-5 05/12/2023 Books
        Main Library Main Library Circulation Section 05/12/2023 1 CIR 515 L613c 2009 012142 11/14/2023 10/19/2023 3-5 05/12/2023 Books
        Main Library Main Library Circulation Section 05/12/2023 2 CIR 515 L613c 2009 012144 04/03/2024 03/12/2024 5-5 05/12/2023 Books
        Main Library Main Library Circulation Section 05/12/2023 1 CIR 515 L613c 2009 012143 10/06/2023 09/05/2023 4-5 05/12/2023 Books